[Event "Bialystok Zamenhof Memorial-C 35th"]
[Site "Bialystok"]
[Date "2017.12.28"]
[Round "4.7"]
[White "Widelski, Kacper"]
[Black "Zwarycz, Milosz"]
[Result "1/2-1/2"]
[WhiteElo "1914"]
[BlackElo "1844"]
[PlyCount "135"]
[EventDate "2017.12.27"]
[EventType "swiss"]
[EventRounds "9"]
[EventCountry "POL"]
[SourceTitle "EXT 2023"]
[Source "ChessBase"]
[SourceDate "2022.10.05"]
[SourceVersion "1"]
[SourceVersionDate "2022.10.05"]
[SourceQuality "1"]

1. Nf3 Nf6 2. d4 g6 3. c4 Bg7 4. Nc3 0-0 5. e4 d6 6. h3 e5 7. d5 a5 8. Bg5 Na6 9. Be2 Nc5 10. Qc2 Bd7 11. Nh2 Qc8 12. g4 Kh8 13. Be3 Na6 14. g5 Ng8 15. h4 h5 16. Qd1 Ne7 17. Nf1 Qe8 18. Ng3 f5 19. gxf6 Bxf6 20. Qd2 Qf7 21. 0-0-0 Qh7 22. Rdg1 Bg7 23. Nf1 Ng8 24. Rg2 Bh6 25. Bg5 Bxg5 26. hxg5 Qf7 27. Bxh5 Kg7 28. Bd1 Ne7 29. Rh6 Nc5 30. Rgh2 Rh8 31. R2h4 Raf8 32. f3 Rxh6 33. Rxh6 Qf4 34. Kc2 Qxd2+ 35. Nxd2 c6 36. Nb3 Nxb3 37. Kxb3 cxd5 38. cxd5 b5 39. Be2 Rb8 40. Rh4 Nc8 41. f4 Na7 42. Bg4 Be8 43. f5 gxf5 44. Bxf5 Nc8 45. Rh7+ Kf8 46. g6 Ne7 47. g7+ Kg8 48. Rh6 b4 49. Nd1 a4+ 50. Kc2 Rd8 51. Ne3 Kxg7 52. Re6 Rd7 53. Nc4 Nxf5 54. exf5 Bf7 55. f6+ Kf8 56. Rxd6 Rxd6 57. Nxd6 Bxd5 58. a3 bxa3 59. bxa3 e4 60. Kc3 Bc6 61. Kd4 Ba8 62. Nxe4 Bxe4 63. Kxe4 Kf7 64. Ke5 Kf8 65. Kd6 Kf7 66. Kc5 Kxf6 67. Kb4 Ke6 68. Kxa4 1/2-1/2

[Event "POL-ch U18"]
[Site "Chotowa"]
[Date "2009.03.29"]
[Round "2"]
[White "Zwarycz, Milosz"]
[Black "Kolosowski, Mateusz"]
[Result "0-1"]
[WhiteElo "1724"]
[BlackElo "2249"]
[PlyCount "74"]
[EventDate "2009.03.28"]
[EventType "swiss"]
[EventRounds "11"]
[EventCountry "POL"]
[SourceTitle "EXT 2011"]
[Source "ChessBase"]
[SourceDate "2010.11.26"]
[SourceVersion "1"]
[SourceVersionDate "2010.11.26"]
[SourceQuality "1"]

1. e4 c5 2. c3 d6 3. d4 Nf6 4. dxc5 Nc6 5. f3 d5 6. exd5 Nxd5 7. Bc4 e6 8. Bxd5 exd5 9. Be3 Qh4+ 10. g3 Qh5 11. Nd2 Bd7 12. Ne2 0-0-0 13. b4 Re8 14. Kf2 Ne5 15. Nf4 Qf5 16. Qb1 Qf6 17. Bd4 Bf5 18. Qb3 g5 19. Nxd5 Nd3+ 20. Kg1 Qe6 21. Ne3 Rg8 22. Qxe6+ Bxe6 23. Ne4 Be7 24. Rd1 Nf4 25. gxf4 gxf4+ 26. Ng2 Bh3 27. Rd2 f5 28. Nd6+ Bxd6 29. Kf1 Be7 30. Rg1 Bh4 31. Bf2 Be7 32. Bd4 Rg6 33. a4 Bd8 34. Kf2 Bxg2 35. Rxg2 Bh4+ 36. Rg3 fxg3+ 37. hxg3 Bxg3+ 0-1